| 000 | 00878nam a2200241 a 4500 | ||
|---|---|---|---|
| 001 | 13365 | ||
| 003 | BD-JhCC | ||
| 005 | 20230910080158.0 | ||
| 008 | 230909b2011 bg |||| ||a| 000 0 ben d | ||
| 020 | _a9789840413669 | ||
| 035 | _a(BD-JhCC)13365 | ||
| 040 |
_aBD-JhCC _dBD-JhCC |
||
| 041 | _abengali | ||
| 082 |
_a398.1 _bDAK 2011 |
||
| 100 | _aমজুমদার,দক্ষিণারঞ্জন মিত্র | ||
| 245 |
_aঠাকুমার ঝুলি / _cদক্ষিণারঞ্জন মিত্র মজুমদার,সম্পা: ড. আরজুমন্দ আরা বানু। |
||
| 260 |
_aঢাকা: _bআগামী প্রকাশনী; _c2011. |
||
| 300 |
_a174 p. : _c24 cm. |
||
| 650 | _afables stories | ||
| 700 | _aবানু, ড. আরজুমন্দ আরা | ||
| 942 |
_2ddc _cBK |
||
| 999 |
_c13365 _d13365 |
||